02875nam a2200349 i 4500003000900000005001700009007000300026008004100029020001800070040003000088041000800118082001900126100004200145245003800187246009100225250002200316264004400338300002500382336002700407337003300434338002800467500010200495505118700597520024901784590002702033910001402060942001402074952013602088952014202224952014202366999001702508DO-SdBNP20250812073540.0ta250812t2025 dr o 000 0 spa d z9789945656442 aDO-SdBNPbspacBNPHUerda aspa axxxxbT2332221 aTaveras, Lourdeseautora4aut.92660214aLas Guáranas /cLourdes Taveras14aLas Guáranas :bhistoria del Municiìo de Las Guáranas y sus inicios desde 1887 / aPrimera edición 1aSanto Domingo :bImprenta Primo,c2025. a83 páginasc24 cm. atextobtxt2rdacontent asin mediaciónbn2rdamedia avolumenbnc2rdacarrier aEn la cubierta del libro, hay un error de impresión en el año de los inicios que dice 18887. 0 tPrólogo -- Fundación de Las Guáranas -- Dinámica y desarrollo -- Manuel María Ventura Tovar -- Regresando a los inicios -- Nace un nuevo sector -- Bienvenida Ventura (Biencita) -- Nace el sector de Aguas Vivas -- El Canal -- Nace el sector La Factoría -- Sector Iglesias -- Los Rivera y Cuca -- Los veinte. Nace otro sector -- Así nos relató José Mendoza -- Arte y cultura -- Cultura popular -- Tiempos diferentes -- Luis Capellán y los Capellán -- José Ramón Ventura (Pichiro) -- Roberto Antonio -- El Aforrao Compaíto -- Don Emiliano y Doña Nieves -- La Chispa, sus artesanías y vida -- Alfredo Pérez (alias Pichao) -- Bruna y Campion -- La educación -- 1966-67-68 -- Alfredo Ureña inolvidable profesor -- No menos fue doña Esperanza Gil de Canals -- Doña Flora Salazar -- Doña Zoraida Paula de Martínez -- Teresa Collado Peralta -- Salud -- Ursina Gómez (Niní) -- Nuestra Fe Católica -- Don Antonio Matías -- Francisco Monegro (Billín) -- Delio Ramón Ventura (Neno Lora) y Ramona Ventura su esposa -- Inocencio Semo -- Irenita -- Autoridad Municipal -- El hombre del Certificó qué -- Agradecimientos -- Conclusión / aLas Guáranas, un rincón lleno de encanto y maravillas que nos brinda República Dominicana. Debe su nombre a unas plantas de guáranas que se encontraban en un monte cercano al pueblo. Esta zona comenzó a ser habitada para el siglo XIX. aInventariado, 2025/ YL aYLockward 2ddccLBS1 00102ddc51708PDaBNPHUbBNPHUcCTd2025-08-04eDepósito Legall0oBNPHU PD xxxx T233p2025-8306r2025-08-12w2025-08-12yLBS1 00102ddc51708PDaBNPHUbBNPHUcCTd2025-08-04eDepósito Legall0oBNPHU PD xxxx T233p2025-8307r2025-08-12te. 2w2025-08-12yLBS1 00102ddc56708DSaBNPHUbBNPHUcCTd2025-08-04eDepósito Legall0oBNPHU DS xxxx T233p2025-8308r2025-08-12te. 3w2025-08-12yLBS1 c59761d59761